European Social Fund : community support framework, 1990-92, Netherlands (objectives 3 and 4) /

Saved in:
Bibliographic Details
Corporate Authors: Commission of the European Communities, European Social Fund
Format: Book
Language:English
Published: Luxembourg : Office for Official Publications of the European Communities ;, 1992.
Subjects:
LEADER 01273nam a2200301 a 4500
001 c000182228
003 CARM
005 20050415140536.0
008 920511s1992 lu 000 0 eng d
019 1 |a 8990332  |5 LACONCORD2021 
020 |a 9282632954 
035 |a (OCoLC)59998759  |5 LACONCORD2021 
040 |a NSL:R  |b eng  |c NSL:R  |d NU 
043 |a e------ 
082 0 0 |a 338.94  |2 20 
110 2 |a Commission of the European Communities. 
245 1 0 |a European Social Fund :  |b community support framework, 1990-92, Netherlands (objectives 3 and 4) /  |c Commission of the European Communities. 
260 |a Luxembourg :  |b Office for Official Publications of the European Communities ;,  |c 1992. 
300 |a 29 p. ;  |c 30 cm. 
500 |a Cat. no. CM-73-91-008-EN-C 
610 2 0 |a European Social Fund. 
651 0 |a European Economic Community countries  |x Economic policy. 
651 0 |a European Economic Community countries  |x Economic conditions. 
710 2 |a Commission of the European Communities. 
710 2 |a European Social Fund. 
852 8 |b CARM  |h A1:AR22C0  |i D07775  |p 0249251  |f BK 
999 f f |i 50f7b9f0-48d5-57c7-b15a-c4b71e49c6f9  |s edba88d8-6cd2-558c-b8ac-e3ae0e21d580 
952 f f |p Can circulate  |a CAVAL  |b CAVAL  |c CAVAL  |d CARM 1 Store  |e D07775  |f A1:AR22C0  |h Other scheme  |i book  |m 0249251